01430nam a2200301 i 4500001001000000003000900010005001700019007000300036008004100039040003000080082001300110245010000123264007300223300002700296336002700323337003300350338002800383590002800411710006300439910000700502942001400509952011100523952011700634952011700751952011300868952013000981999001701111000040604DO-SdBNP20240726105743.0ta130903s2012 dr 000 0 spa d aDO-SdBNPbspacBNPHUerda bP69922200aPlan de igualdad de oportunidades para las mujeres en la sociedad de la información, piom-si. aSanto Domingo :bCIPAFbFondo para la igualdad de género,c[2012]. a38 páginas ;c28 cm. 2rdacontentatextobtxt 2rdamediaasin mediaciónbn 2rdacarrieravolumenbnc aInventariado, 2023 / DG2 aCentro de Investigación para la Acción Femenina952431 aDG 2ddccLBS1 0010718PDaPDbPDcCTd2013-09-03iLF1l0oxxx xxxp40604-10r2020-06-25w2020-06-25yLFPDZNo se presta 0010718PDaPDbPDcCTd2013-09-03iLF1l0oxxx xxxp40604-20r2020-06-25te. 2w2020-06-25yLFPDZNo se presta 0010718DSaPDbPDcCTd2013-09-03iLF1l0oxxx xxxp40604-30r2020-06-25te. 3w2020-06-25yLFDSZNo se presta 00102ddc56708DSaBNPHUbBNPHUcCTd2023-02-15l0oxxx P699p2023-0968r2023-02-15te.4w2023-02-15yLBS1 00102ddc56708DSaBNPHUbBNPHUcCTd2024-07-26edonaciónl0oBNPHU DS P699p2024-4641r2024-07-26te.5w2024-07-26yLBS1 c40094d40094